Верификация и совершенствование численного кода для расчёта характеристик дифракционного излучения; Перспективы развития фундаментальных наук; Т. 1 : Физика
| Parent link: | Перспективы развития фундаментальных наук=Prospects of Fundamental Sciences Development: сборник научных трудов XVI Международной конференции студентов, аспирантов и молодых ученых, г. Томск, 23-26 апреля 2019 г./ Национальный исследовательский Томский политехнический университет (ТПУ) ; под ред. И. А. Курзиной, Г. А. Вороновой.— , 2019 Т. 1 : Физика.— 2019.— [С. 133-135] |
|---|---|
| Autor principal: | |
| Autor corporatiu: | |
| Altres autors: | , |
| Sumari: | Заглавие с экрана In the present study, we have calculated diffraction radiation using previously written numerical code. The simulation result (angular distribution) was compared with experimental data. The descriptions of the last code improvements are also presented. |
| Idioma: | rus |
| Publicat: |
2019
|
| Matèries: | |
| Accés en línia: | http://earchive.tpu.ru/handle/11683/55814 |
| Format: | MixedMaterials Electrònic Capítol de llibre |
| KOHA link: | https://koha.lib.tpu.ru/cgi-bin/koha/opac-detail.pl?biblionumber=629669 |
MARC
| LEADER | 00000naa2a2200000 4500 | ||
|---|---|---|---|
| 001 | 629669 | ||
| 005 | 20231101133555.0 | ||
| 035 | |a (RuTPU)RU\TPU\conf\30399 | ||
| 035 | |a RU\TPU\conf\30396 | ||
| 090 | |a 629669 | ||
| 100 | |a 20190904d2019 k y0rusy50 ca | ||
| 101 | 0 | |a rus |d eng | |
| 102 | |a RU | ||
| 105 | |a y z 100zy | ||
| 135 | |a drcn ---uucaa | ||
| 181 | 0 | |a i | |
| 182 | 0 | |a b | |
| 200 | 1 | |a Верификация и совершенствование численного кода для расчёта характеристик дифракционного излучения |d Verification and improvement of numerical code for the calculation of diffraction radiation characteristics |f А. А. Дышеков, М. М. Токтаганова |g науч. рук. Д. А. Шкитов | |
| 203 | |a Текст |c электронный | ||
| 230 | |a 1 компьютерный файл (pdf; 292 Kb) | ||
| 300 | |a Заглавие с экрана | ||
| 320 | |a [Библиогр.: с. 135 (8 назв.)] | ||
| 330 | |a In the present study, we have calculated diffraction radiation using previously written numerical code. The simulation result (angular distribution) was compared with experimental data. The descriptions of the last code improvements are also presented. | ||
| 461 | 1 | |0 (RuTPU)RU\TPU\conf\30347 |t Перспективы развития фундаментальных наук |l Prospects of Fundamental Sciences Development |o сборник научных трудов XVI Международной конференции студентов, аспирантов и молодых ученых, г. Томск, 23-26 апреля 2019 г. |o в 7 т. |f Национальный исследовательский Томский политехнический университет (ТПУ) ; под ред. И. А. Курзиной, Г. А. Вороновой |d 2019 | |
| 463 | 1 | |0 (RuTPU)RU\TPU\conf\30348 |t Т. 1 : Физика |v [С. 133-135] |d 2019 | |
| 510 | 1 | |a Verification and improvement of numerical code for the calculation of diffraction radiation characteristics |z eng | |
| 610 | 1 | |a электронный ресурс | |
| 610 | 1 | |a труды учёных ТПУ | |
| 610 | 1 | |a верификация | |
| 610 | 1 | |a характеристики | |
| 610 | 1 | |a дифракционные излучения | |
| 610 | 1 | |a поляризационное излучение | |
| 610 | 1 | |a электродинамика | |
| 610 | 1 | |a числовые коды | |
| 610 | 1 | |a поляризация | |
| 610 | 1 | |a атомы | |
| 700 | 1 | |a Дышеков |b А. А. | |
| 701 | 1 | |a Токтаганова |b М. М. | |
| 702 | 1 | |a Шкитов |b Д. А. |c физик |c инженер-проектировщик Томского политехнического университета |f 1985- |g Дмитрий Андреевич |2 stltpush |4 727 | |
| 712 | 0 | 2 | |a Национальный исследовательский Томский политехнический университет |b Исследовательская школа физики высокоэнергетических процессов |c (2017- ) |h 8118 |2 stltpush |3 (RuTPU)RU\TPU\col\23551 |
| 801 | 2 | |a RU |b 63413507 |c 20190925 |g RCR | |
| 856 | 4 | |u http://earchive.tpu.ru/handle/11683/55814 | |
| 942 | |c BK | ||